Othello (Record no. 148459)

MARC details
000 -LEADER
fixed length control field 00585nam a2200205Ia 4500
003 - CONTROL NUMBER IDENTIFIER
control field OSt
005 - DATE AND TIME OF LATEST TRANSACTION
control field 20260305162437.0
008 - FIXED-LENGTH DATA ELEMENTS--GENERAL INFORMATION
fixed length control field 210210b1926 xxu||||| |||| 00| 0 eng d
040 ## - CATALOGING SOURCE
Transcribing agency AL
041 ## - LANGUAGE CODE
Language code of text/sound track or separate title Hindi
082 ## - DEWEY DECIMAL CLASSIFICATION NUMBER
Classification number 863/112
100 ## - MAIN ENTRY--PERSONAL NAME
Personal name William Shakespeare
Dates associated with a name विलियम शेक्सपियर
9 (RLIN) 257894
245 ## - TITLE STATEMENT
Title Othello
Remainder of title ओथेलो
260 ## - PUBLICATION, DISTRIBUTION, ETC.
Place of publication, distribution, etc. IllAhAbAd
Name of publisher, distributor, etc. -
Date of publication, distribution, etc. 1926
650 ## - SUBJECT ADDED ENTRY--TOPICAL TERM
Topical term or geographic name entry element Othello
9 (RLIN) 257895
690 ## - LOCAL SUBJECT ADDED ENTRY--TOPICAL TERM (OCLC, RLIN)
Topical term or geographic name as entry element Hindi Drama
9 (RLIN) 257896
700 ## - ADDED ENTRY--PERSONAL NAME
Personal name LALA (Sitaram
Dates associated with a name लाला (सीताराम) tr
9 (RLIN) 257897
906 ## - LOCAL DATA ELEMENT F, LDF (RLIN)
a 023489
942 ## - ADDED ENTRY ELEMENTS (KOHA)
Source of classification or shelving scheme Dewey Decimal Classification
Koha item type Book
Holdings
Withdrawn status Lost status Source of classification or shelving scheme Damaged status Not for loan Collection code Home library Current library Shelving location Date acquired Cost, normal purchase price Total Checkouts Full call number Barcode Date last seen Price effective from Koha item type
    Dewey Decimal Classification     Hindi St Aloysius Library St Aloysius Library   02/17/2021 0.00   863/112 023489 02/17/2021 02/17/2021 Book